| 000 | 01059nmm a2200313 a 4500 | ||
|---|---|---|---|
| 001 | ocm0002348007 | ||
| 003 | TR-IsHL | ||
| 005 | 20201028185332.0 | ||
| 008 | 190906s2017 tu tur | ||
| 007 | cr cn | ||
| 020 | _a9786052022214 | ||
| 035 |
_a2348007 _b(N$T) |
||
| 050 | 0 | 4 |
_aPQ2435.R7 _bT8 2017 |
| 090 | 0 | 4 |
_aPQ2435.R7 _bT8 2017 |
| 100 | 1 | _aStendhal, Henri Beyle | |
| 245 | 1 | 0 |
_aKırmızı ve siyah _h[electronic resource] / _cHenri Beyle Stendhal ; çeviri A. Erkin Köylügil ; editör Nurgül Dere |
| 250 | _a1. Baskı | ||
| 260 |
_aİstanbul : _bİlgi Kültür Sanat Yayıncılık , _c2017 |
||
| 300 | _a544 p. | ||
| 500 | _aözgün adı: Le rouge et le noir | ||
| 650 | 4 | _aDil ve Edebiyat | |
| 650 | 4 | _aLanguage and Literature | |
| 650 | 0 | _aFransız romanı | |
| 650 | 0 | _aFrench fiction | |
| 650 | 7 |
_aLITERARY COLLECTIONS / European / French _2bisacsh |
|
| 700 | 1 | _aKöylügil, A. Erkin | |
| 700 | 1 | _aDere, Nurgül | |
| 856 | 4 | 0 | _uhttp://search.ebscohost.com/login.aspx?direct=true&scope=site&db=e011xww&AN=2348007 |
| 999 |
_c21418 _d21418 |
||